01469nam a2200253 a 4500008004100000020001500041050001300056100001700069245004900086250001200135260004200147300003400189350000900223650002300232650001100255650005800266995015900324995015800483995016000641999001700801952013100818952012300949952014301072120416s2001 ||||||||||||||||| || u a0750653205 aT 55 Rid aRidley, John10aHealth and safety... in brief. (2nd edition) a2nd ed. aOxford:bButterworth-Heinemannc2001. axi, 258 pages : illustrations a0.00 aINDUSTRIAL HYGIENE aHEALTH aINDUSTRIAL SAFETY--LAW AND LEGISLATION--GREAT BRITAIN aMAIN LIBRARY OPEN ACCESSD0.00e727623FCBU-MAIN LIBRARY (Kitwe)H1I0.00jT 55 RIDM2UAVAILABLEWFeb 6, 2007y52998ZMain Library Open Access Collection aANNEX COLLECTION (Main Library)D0.00e737624FCBU-MAIN LIBRARY (Kitwe)H1I0.00jT 55 RIDM3UAVAILABLEWFeb 6, 2007y52997ZAnnex Low-Usage Collection  aMAIN LIBRARY OPEN ACCESSD0.00e735090FCBU-MAIN LIBRARY (Kitwe)H1I19.50jT 55 RIDM1UAVAILABLEWJul 6, 2006y38507ZMain Library Open Access Collection c76143d76143 00102lcc4070a001b001cMain Library Open Access Collectiond2023-04-25l0oT 55 Ridp52998r2023-04-25t1w2023-04-25y002 00102lcc4070a001b001cAnnex Low-Usage Collection d2023-04-25l0oT 55 Ridp52997r2023-04-25t2w2023-04-25y002 00102lcc4070a001b001cMain Library Open Access Collectiond2023-04-25l1oT 55 Ridp38507r2024-06-07s2024-04-09t3w2023-04-25y002